000 00494cam a2200205ua 4500
020 _cRs 40.00
041 _aeng
_h
082 _a519.72
_bHAD/LI
100 _aHadley, G .
245 _aLinear programming /
_cG Hadley.
_hTextual Documents
250 _a1 /
_b.
260 _aNew Delhi :
_bOxford & IBH Publishing company ,
_c1962.
300 _a520 ; .
365 _aRs 40.00
500 _a*CSS
504 _a
942 _cBK
999 _c1965
_d1965